Equipe Type PSG saison 2024/2025 - Statistiques

Statistiques générales
  • Ce quiz a été pris 321 fois
  • Le résultat moyen est 17 sur 21
Statistiques - réponses
% Correct
Ousmane Dembelé
98%
Gianluigi Donnarumma
97%
Achraf Hakimi
95%
Bradley Barcola
95%
Nuno Mendes
95%
Désiré Doué
94%
Vitinha
94%
Marquinhos
93%
Willian Pacho
93%
João Neves
92%
Fabián Ruiz
89%
Warren Zaïre-Emery
80%
Gonçalo Ramos
78%
Matveï Safonov
76%
Senny Mayulu
72%
Lucas Hernandez
70%
Khvicha Kvaratskhelia
68%
Kang-In Lee
66%
Lucas Beraldo
64%
Presnel Kimpembe
59%
Arnau Tenas
57%
Aucun quiz correspondant
Distribution des résultats
% des personnes avec chaque résultat
Percentile par nombre de réponses
Votre historique - résultats
Vous n’avez pas pris ce quiz